LEADER 00713nam 2200253 450 001 9910597601303321 005 20221024111440.0 010 $a978-84-9895-238-4 100 $a20221024d2020----u y0engy50 ba 101 0 $aspa 102 $aES 105 $aa 001yd 200 1 $aBibliografia completa de Victor Infantes$fAna Martinez Pereira 210 $aMadrid$cVisor Libros$d2020 215 $a122 p.$d26 cm 676 $a860.9006$v23 702 1$aMartinez Pereira,$bAna 801 2$bUNINA$gREICAT$2UNIMARC 901 $aBK 912 $a9910597601303321 952 $a860.9006 INFV/S 02$b2021/3545b$fFLFBC 959 $aFLFBC 996 $aBibliografia completa de Victor Infantes$92930288 997 $aUNINA